000
00431nam a2200133Ia 4500
008
100328s9999 xx 000 0 und d
082
_b
27890
100
_a
दळवी जयवंत
245
_a
कशासाठी पोटासाठी
260
_b
मॅजेस्टिक
630
_a
कशासाठी पोटासाठी
730
_a
कशासाठी पोटासाठी
942
_c
BOOK
999
_c
519576
_d
519573